000
00272nam a22001217a 4500
008
180209b xxu||||| |||| 00| 0 eng d
041
_a
eng
080
_a
51
100
_a
36
101
_a
MAT
245
_a
MATHEMATICS COURSE LEVEL GOALS
_c
JOHN.L..D
942
_2
udc
_c
BK
999
_c
42236
_d
42236